000
00273nam a2200109 a 4500
005
20201002044905.0
008
140401s1970 000 spa d
100
_a
Sand, George
_9
41296
245
0
_a
TamarĂs.
260
_a
Madrid -- Libra,
_c
1970 -- 185 p.
999
_c
43121
_d
43121
040
_a
DO-SdBNP